000 00477nam a2200181Ia 4500
003 OSt
005 20260116100733.0
008 210210b1958 xxu||||| |||| 00| 0 eng d
040 _cAL
041 _aKannada
082 _a859/878
100 _aNACHIKETA
_9145237
_dನಚಿಕೇತ
245 _aSnehasmrati:
_bಸ್ನೇಹಸ್ಮೃತಿ
260 _aMaisuru
_bGayatri Prakashana
_c1958
690 _aKannada Fiction
_9145238
906 _a021638
942 _2ddc
_cBK
999 _c145734
_d145734